| 000 | nam a22 7a 4500 | ||
|---|---|---|---|
| 999 |
_c30299 _d30299 |
||
| 008 | 190515b xxu||||| |||| 00| 0 eng d | ||
| 020 | _a9966999264 | ||
| 050 |
_aAFR LB 2341.8 _b.K4M53 2009 |
||
| 100 | _aMichieka,Ratemo. | ||
| 245 |
_aThe future of My Past / _cRatemo W. Michieka. |
||
| 260 |
_aNairobi,Kenya : _bCreative Publishing Company ltd., _c2009. |
||
| 300 |
_aiii,165p. ; _c21cm. |
||
| 500 | _aAn Autobiography of a Distinguished Kenyan Scholar,Vice-Chancellor and Director-General. | ||
| 650 | _aKenya. | ||
| 650 | _aWeed scientists. | ||
| 942 |
_2lcc _cAFRICANA _hAFR LB 2341.8 .K4M53 2009 |
||